[Event "1. Bundesliga 2010/2011"]
[Site "St. Veit/Glan"]
[Date "2011.03.03"]
[Round "8"]
[Board "1"]
[White "Meier, Georg"]
[Black "Prusikin, Michael"]
[Result "1-0"]
[WhiteElo "2669"]
[BlackElo "2541"]
[PlyCount "95"]
[EventDate "2010.11.19"]
[EventType "team"]
[EventRounds "11"]
[EventCountry "AUT"]
[WhiteTeam "SK Advisory Invest Baden"]
[BlackTeam "Wuestenrot SIR Salzburg"]

1.Nf3 Nf6 2.g3 d5 3.Bg2 c6 4.O-O Bg4 5.c4 e6 6.d3 Nbd7 7.cxd5 exd5 8.h3 Bh5
9.Nc3 Be7 10.e4 dxe4 11.dxe4 Nc5 12.Be3 O-O 13.Qc2 Qd3 14.Ne1 Qxc2 15.Nxc2 Bg6
16.f3 Rfd8 17.Rfd1 a5 18.Nd4 Nfd7 19.f4 f6 20.b3 Bf8 21.Nf5 Nb6 22.g4 Bf7 23.Ne2
Rxd1+ 24.Rxd1 a4 25.b4 Ncd7 26.a3 Bb3 27.Rd2 g6 28.Nd6 Bxd6 29.Rxd6 Nc4 30.Rxd7
Nxe3 31.Nd4 Nc4 32.Rxb7 Nxa3 33.e5 fxe5 34.fxe5 Nc2 35.Nxc2 Bxc2 36.Bxc6 Bb3
37.Rc7 Rb8 38.b5 Bc4 39.Kf2 Bxb5 40.Bd5+ Kh8 41.Ke3 Rd8 42.Kd4 Bd7 43.Kc5 g5
44.Ra7 Be8 45.Be6 h5 46.gxh5 Bxh5 47.Bd7 Kg7 48.Be8+

[Event "1. Bundesliga 2010/2011"]
[Site "St. Veit/Glan"]
[Date "2011.03.03"]
[Round "8"]
[Board "2"]
[White "Bromberger, Stefan"]
[Black "Balogh, Csaba"]
[Result "1/2-1/2"]
[WhiteElo "2519"]
[BlackElo "2601"]
[PlyCount "119"]
[EventDate "2010.11.19"]
[EventType "team"]
[EventRounds "11"]
[EventCountry "AUT"]
[WhiteTeam "Wuestenrot SIR Salzburg"]
[BlackTeam "SK Advisory Invest Baden"]

1.e4 e5 2.Nf3 Nc6 3.Bb5 Nf6 4.O-O Nxe4 5.d4 Nd6 6.Bxc6 dxc6 7.dxe5 Nf5 8.Qxd8+
Kxd8 9.Nc3 Bd7 10.h3 b6 11.Rd1 Kc8 12.Rd3 h6 13.b3 Ne7 14.Bb2 Bf5 15.Rd2 c5
16.Ne2 Ng6 17.Ng3 Be6 18.Nh5 Rg8 19.c4 Be7 20.Nh2 Bg5 21.Re2 Kb7 22.Rf1 Bf5
23.f4 Bd3 24.Rd2 Nxf4 25.Rxf4 Bb1 26.Rf1 Be3+ 27.Kh1 Bxd2 28.Rxb1 g6 29.Nf6 Rgd8
30.Rf1 a5 31.Nd5 a4 32.Rf2 axb3 33.axb3 Be1 34.Rxf7 Ra2 35.Rf1 Bd2 36.Rb1 c6
37.Nf6 Bf4 38.Nf1 Rf8 39.g3 Rxb2 40.Rxb2 Bxe5 41.Rf2 Rxf6 42.Rxf6 Bxf6 43.Ne3
Ka6 44.Kg2 Ka5 45.Nc2 b5 46.Kf3 bxc4 47.bxc4 Ka4 48.Ke4 Kb3 49.Kd3 Bd4 50.g4 Bf2
51.Na1+ Kb2 52.Nc2 h5 53.gxh5 gxh5 54.Kd2 h4 55.Kd3 Kc1 56.Na1 Kb2 57.Nc2 Kb3
58.Na1+ Ka2 59.Nc2 Kb2 60.Kd2

[Event "1. Bundesliga 2010/2011"]
[Site "St. Veit/Glan"]
[Date "2011.03.03"]
[Round "8"]
[Board "3"]
[White "Shengelia, David"]
[Black "Geske, Julian"]
[Result "1/2-1/2"]
[WhiteElo "2573"]
[BlackElo "2329"]
[PlyCount "99"]
[EventDate "2010.11.19"]
[EventType "team"]
[EventRounds "11"]
[EventCountry "AUT"]
[WhiteTeam "SK Advisory Invest Baden"]
[BlackTeam "Wuestenrot SIR Salzburg"]

1.d4 d5 2.c4 c6 3.e3 Bf5 4.Nc3 e6 5.Nf3 Nd7 6.Bd2 Ngf6 7.Nh4 Bg6 8.Nxg6 hxg6
9.Qb3 Qb6 10.Qc2 Be7 11.Be2 Rc8 12.c5 Qc7 13.f4 b6 14.b4 g5 15.g3 Nh5 16.O-O
gxf4 17.exf4 Bf6 18.Be3 g6 19.g4 Ng7 20.Kg2 a5 21.a3 axb4 22.axb4 bxc5 23.bxc5
O-O 24.Bd3 Ra8 25.Ne2 Rfb8 26.Rxa8 Rxa8 27.Rb1 Ne8 28.Qb3 Rb8 29.Qa2 Rxb1
30.Qxb1 Bg7 31.g5 Bh8 32.Qb4 Ng7 33.Ng3 Nf5 34.Nxf5 exf5 35.h4 Nf8 36.Qb6 Ne6
37.Kg3 Kh7 38.h5 Qd7 39.hxg6+ fxg6 40.Qb2 Qg7 41.Ba6 Nxd4 42.Bc8 Qc7 43.Bxd4
Bxd4 44.Qxd4 Qxc8 45.Qe5 Qd7 46.Qd6 Qe8 47.Kf2 Kg8 48.Kf1 Kh7 49.Qc7+ Kg8 50.Qd6

[Event "1. Bundesliga 2010/2011"]
[Site "St. Veit/Glan"]
[Date "2011.03.03"]
[Round "8"]
[Board "4"]
[White "Pitl, Gregory"]
[Black "Baumegger, Siegfried"]
[Result "1/2-1/2"]
[WhiteElo "2376"]
[BlackElo "2398"]
[PlyCount "104"]
[EventDate "2010.11.19"]
[EventType "team"]
[EventRounds "11"]
[EventCountry "AUT"]
[WhiteTeam "Wuestenrot SIR Salzburg"]
[BlackTeam "SK Advisory Invest Baden"]

1.d4 e6 2.c4 Nf6 3.g3 d5 4.Nf3 Bb4+ 5.Bd2 Be7 6.Bg2 O-O 7.O-O c6 8.Qc2 Nbd7
9.Bf4 b6 10.Rd1 Bb7 11.Nc3 Nh5 12.Bc1 f5 13.b3 Rc8 14.e3 Bd6 15.Bb2 Nhf6 16.cxd5
cxd5 17.Qd3 Ne4 18.Ne2 Nb8 19.Nf4 Ba6 20.Qb1 Qe7 21.a3 Nc6 22.b4 Bc4 23.Ne5 Bxe5
24.dxe5 a5 25.f3 Ng5 26.Bc3 axb4 27.Bxb4 Nxb4 28.Qxb4 Qxb4 29.axb4 Rfe8 30.Ra7
Nf7 31.Rb7 Nxe5 32.Rxb6 Kf7 33.Ra1 Re7 34.h4 Rcc7 35.Ra8 Rb7 36.Rb8 Rxb6 37.Rxb6
Nd7 38.Rd6 Nf6 39.Rb6 e5 40.Nh3 h6 41.Bf1 e4 42.fxe4 Bxf1 43.Kxf1 Rxe4 44.Rb7+
Kg8 45.Rb8+ Kh7 46.Nf4 Rxe3 47.Kg2 Ne4 48.h5 Rxg3+ 49.Kh2 Rg5 50.b5 Nd2 51.b6
Nf3+ 52.Kh3 Ng1+

[Event "1. Bundesliga 2010/2011"]
[Site "St. Veit/Glan"]
[Date "2011.03.03"]
[Round "8"]
[Board "5"]
[White "Lendwai, Reinhard"]
[Black "Durakovic, Alman"]
[Result "1-0"]
[WhiteElo "2369"]
[BlackElo "2223"]
[PlyCount "71"]
[EventDate "2010.11.19"]
[EventType "team"]
[EventRounds "11"]
[EventCountry "AUT"]
[WhiteTeam "SK Advisory Invest Baden"]
[BlackTeam "Wuestenrot SIR Salzburg"]

1.d4 Nf6 2.c4 e6 3.Nc3 Bb4 4.e3 O-O 5.Nge2 d5 6.a3 Bd6 7.c5 Be7 8.b4 c6 9.Bd2 b6
10.Nc1 e5 11.Be2 e4 12.Nb3 Na6 13.Na4 Rb8 14.cxb6 axb6 15.Qc2 Nc7 16.Nb2 Bd7
17.a4 Ne6 18.a5 c5 19.bxc5 bxc5 20.dxc5 Bb5 21.Bxb5 Rxb5 22.Na4 Qb8 23.Nd4 Nxc5
24.O-O Ng4 25.g3 Nb3 26.Nxb5 Nxa1 27.Qb1 Ne5 28.Bc3 Nf3+ 29.Kg2 Qc8 30.h3 Qc4
31.Nb6 Qe2 32.Bxa1 Nd2 33.Nd4 Qxf1+ 34.Qxf1 Nxf1 35.Kxf1 Bb4 36.Nc6

[Event "1. Bundesliga 2010/2011"]
[Site "St. Veit/Glan"]
[Date "2011.03.03"]
[Round "8"]
[Board "6"]
[White "Endthaler, Arnold"]
[Black "Herndlbauer, Martin"]
[Result "0-1"]
[WhiteElo "2050"]
[BlackElo "2127"]
[PlyCount "109"]
[EventDate "2010.11.19"]
[EventType "team"]
[EventRounds "11"]
[EventCountry "AUT"]
[WhiteTeam "Wuestenrot SIR Salzburg"]
[BlackTeam "SK Advisory Invest Baden"]

1.e4 d5 2.exd5 Qxd5 3.Nc3 Qa5 4.d4 c6 5.Bd3 Nf6 6.Bd2 Qd8 7.Nf3 Bg4 8.Be3 e6
9.h3 Bh5 10.a3 Nbd7 11.Qe2 Bd6 12.g4 Bg6 13.Bd2 Qc7 14.O-O-O O-O-O 15.Kb1 Nb6
16.Bc1 Kb8 17.Rhe1 Nbd5 18.Nxd5 Nxd5 19.Ne5 Bxe5 20.dxe5 Rd7 21.f4 Bxd3 22.Rxd3
g6 23.Red1 Rhd8 24.Ka1 Ne7 25.Qe4 Rxd3 26.Rxd3 Rd5 27.Kb1 Qd7 28.Bd2 Rxd3
29.Qxd3 Qxd3 30.cxd3 Nd5 31.Kc2 c5 32.a4 a6 33.a5 Kc7 34.Kb3 Kc6 35.Kc4 b5+
36.axb6 Nxb6+ 37.Kc3 Kb5 38.b3 Nd5+ 39.Kc2 Kc6 40.Kb2 Kb5 41.Kc2 Kc6 42.Kb2 Ne7
43.Ka3 Kd5 44.Bc3 Nc6 45.Ka4 Nd4 46.Bxd4 Kxd4 47.Ka5 Kc3 48.Kxa6 Kxb3 49.Kb5 Kc3
50.Kxc5 Kxd3 51.Kd6 Ke4 52.Ke7 Kxf4 53.Kxf7 Kxe5 54.Kg7 Kf4 55.Kxh7

[Event "1. Bundesliga 2010/2011"]
[Site "St. Veit/Glan"]
[Date "2011.03.03"]
[Round "8"]
[Board "1"]
[White "Lanka, Zigurds"]
[Black "Farago, Ivan"]
[Result "1/2-1/2"]
[WhiteElo "2477"]
[BlackElo "2448"]
[PlyCount "186"]
[EventDate "2010.11.19"]
[EventType "team"]
[EventRounds "11"]
[EventCountry "AUT"]
[WhiteTeam "Mayrhofen/Zillertal"]
[BlackTeam "ASVOE VHS Poechlarn"]

1.e4 e6 2.d4 d5 3.Nc3 Bb4 4.e5 c5 5.a3 Bxc3+ 6.bxc3 Ne7 7.Nf3 b6 8.Bb5+ Bd7
9.Bd3 Ba4 10.h4 h6 11.Bf4 Qc7 12.Qd2 Nd7 13.h5 a6 14.g4 Bb5 15.Kf1 Bxd3+ 16.cxd3
Rc8 17.Kg2 c4 18.Rhc1 cxd3 19.Qxd3 Qc4 20.Qe3 b5 21.a4 bxa4 22.Nd2 Qc6 23.Qd3
Nb6 24.Qxa6 Ra8 25.Qe2 Nc4 26.Bg3 Kd7 27.Bh4 Rhb8 28.Nf1 Rb2 29.Qd3 Rh8 30.Rc2
Rb3 31.Kg1 a3 32.f4 Nb2 33.Qf3 Rc8 34.f5 Rxc3 35.fxe6+ Kxe6 36.Rxc3 Qxc3 37.Rxa3
Qxf3 38.Rxf3 Nc6 39.Rb3 Nxd4 40.Rxb2 Nf3+ 41.Kf2 Nxh4 42.Nd2 Kxe5 43.Kg3 g5
44.hxg6 Nxg6 45.Nf3+ Kf6 46.Rb6+ Kg7 47.Rd6 Ne7 48.Rd7 Kf8 49.Nd4 Rc3+ 50.Kf2
Rd3 51.Nb5 Ng6 52.Ke2 Rg3 53.Rxd5 Rxg4 54.Kf3 Rg5 55.Rd8+ Ke7 56.Rb8 h5 57.Rb7+
Kf6 58.Nd6 Ne5+ 59.Ke4 Ke6 60.Nb5 Rg4+ 61.Ke3 h4 62.Rb6+ Kf5 63.Nd6+ Ke6 64.Ne4+
Ke7 65.Rb7+ Kf8 66.Nd6 Nc4+ 67.Nxc4 Rxc4 68.Kf3 Kg7 69.Kg2 Kg6 70.Kh3 Rf4 71.Rb8
Kg5 72.Rg8+ Kf5 73.Re8 f6 74.Ra8 Re4 75.Ra5+ Kg6 76.Ra8 f5 77.Rb8 Kg5 78.Rg8+
Kf6 79.Ra8 Ke5 80.Ra5+ Kf6 81.Ra8 Rd4 82.Rb8 Kg5 83.Rg8+ Kf4 84.Kxh4 Ke3+ 85.Kh3
f4 86.Ra8 Rd2 87.Ra3+ Rd3 88.Ra2 Kf3 89.Rb2 Ke4+ 90.Kg2 Ke3 91.Rf2 Rd8 92.Rf3+
Ke4 93.Ra3 Rd2+

[Event "1. Bundesliga 2010/2011"]
[Site "St. Veit/Glan"]
[Date "2011.03.03"]
[Round "8"]
[Board "2"]
[White "Tuncer, Ufuk"]
[Black "Maiwald, Jens-Uwe"]
[Result "1/2-1/2"]
[WhiteElo "2289"]
[BlackElo "2468"]
[PlyCount "64"]
[EventDate "2010.11.19"]
[EventType "team"]
[EventRounds "11"]
[EventCountry "AUT"]
[WhiteTeam "ASVOE VHS Poechlarn"]
[BlackTeam "Mayrhofen/Zillertal"]

1.d4 d6 2.c4 e5 3.Nf3 Nd7 4.Nc3 Be7 5.g3 Ngf6 6.Bg2 c6 7.e4 O-O 8.O-O a6 9.Qc2
b5 10.cxb5 cxb5 11.Nd5 Bb7 12.Nxe7+ Qxe7 13.d5 Rfc8 14.Qb1 b4 15.Nh4 g6 16.Bg5
Qe8 17.f4 exf4 18.Rxf4 Nh5 19.Rf2 Ne5 20.Qd1 Ng7 21.Bf6 a5 22.Bxe5 Qxe5 23.Qg4
Re8 24.Rd1 Qh5 25.Qxh5 Nxh5 26.g4 Ng7 27.Rc2 Re7 28.Rd4 Ne8 29.h3 h6 30.Nf3 Nc7
31.Bf1 Kf8 32.Kf2 Ra7

[Event "1. Bundesliga 2010/2011"]
[Site "St. Veit/Glan"]
[Date "2011.03.03"]
[Round "8"]
[Board "3"]
[White "Gross, David"]
[Black "Kostic, Vladimir"]
[Result "0-1"]
[WhiteElo "2453"]
[BlackElo "2448"]
[PlyCount "130"]
[EventDate "2010.11.19"]
[EventType "team"]
[EventRounds "11"]
[EventCountry "AUT"]
[WhiteTeam "Mayrhofen/Zillertal"]
[BlackTeam "ASVOE VHS Poechlarn"]

1.e4 c5 2.Nf3 Nc6 3.d4 cxd4 4.Nxd4 e5 5.Nb5 Nf6 6.N1c3 d6 7.Bg5 a6 8.Na3 b5
9.Nd5 Be7 10.Bxf6 Bxf6 11.c4 b4 12.Nc2 Rb8 13.b3 O-O 14.h4 Be7 15.g3 Be6 16.Bg2
Qd7 17.O-O Bd8 18.Qd2 a5 19.Rad1 a4 20.Kh2 Na5 21.Qe3 Qc8 22.Rd3 Kh8 23.Ncxb4
axb3 24.axb3 f5 25.f4 fxe4 26.Bxe4 Qc5 27.Qe2 Rxb4 28.Nxb4 Qxb4 29.fxe5 dxe5
30.Qh5 Bg8 31.Rxf8 Qxf8 32.Qxe5 Qf2+ 33.Bg2 Bb6 34.Kh3 Nc6 35.Qe8 Qf5+ 36.Kh2
Qxd3 37.Qxc6 Qd8 38.Qa8 Qxa8 39.Bxa8 g6 40.g4 Be6 41.Kg3 Kg7 42.Be4 h6 43.Bd3
Bc7+ 44.Kf3 Ba5 45.Be2 Be1 46.h5 g5 47.Ke4 Kf6 48.Kd4 Bf2+ 49.Ke4 Bc5 50.Bd1 Ke7
51.Ke5 Bb4 52.Be2 Bc3+ 53.Ke4 Kd6 54.Kd3 Bb4 55.Ke4 Bd7 56.Kd4 Bc6 57.Bd1 Ba3
58.Kc3 Kc5 59.Kd3 Bb2 60.Ke3 Kb4 61.Bc2 Kc3 62.Be4 Bc1+ 63.Kf3 Bd7 64.c5 Bf4
65.c6 Be6

[Event "1. Bundesliga 2010/2011"]
[Site "St. Veit/Glan"]
[Date "2011.03.03"]
[Round "8"]
[Board "4"]
[White "Weinzettl, Ernst"]
[Black "Hausner, Ivan"]
[Result "1/2-1/2"]
[WhiteElo "2330"]
[BlackElo "2430"]
[PlyCount "60"]
[EventDate "2010.11.19"]
[EventType "team"]
[EventRounds "11"]
[EventCountry "AUT"]
[WhiteTeam "ASVOE VHS Poechlarn"]
[BlackTeam "Mayrhofen/Zillertal"]

1.e4 c5 2.Nf3 d6 3.Bb5+ Nd7 4.d4 Ngf6 5.Nc3 cxd4 6.Qxd4 g6 7.Bg5 Bg7 8.Qd2 O-O
9.Bh6 Nc5 10.Bxg7 Kxg7 11.Bd3 Qb6 12.Rb1 Bg4 13.Nd4 e5 14.Nb3 Be6 15.O-O Rac8
16.Qe3 Nxd3 17.Qxb6 axb6 18.cxd3 Bxb3 19.axb3 d5 20.Rfc1 Rfd8 21.f3 dxe4 22.dxe4
Rd2 23.Rd1 Rcd8 24.Rxd2 Rxd2 25.Kf1 Nd7 26.Rd1 Rxd1+ 27.Nxd1 Nc5 28.b4 Nd3 29.b5
Kf6 30.g3 Ke6

[Event "1. Bundesliga 2010/2011"]
[Site "St. Veit/Glan"]
[Date "2011.03.03"]
[Round "8"]
[Board "5"]
[White "Tabernig, Bernhard"]
[Black "Rumpl, Erwin"]
[Result "1/2-1/2"]
[WhiteElo "2300"]
[BlackElo "2326"]
[PlyCount "105"]
[EventDate "2010.11.19"]
[EventType "team"]
[EventRounds "11"]
[EventCountry "AUT"]
[WhiteTeam "Mayrhofen/Zillertal"]
[BlackTeam "ASVOE VHS Poechlarn"]

1.d4 d5 2.c4 c6 3.Nf3 Nf6 4.e3 e6 5.Nbd2 Nbd7 6.Bd3 b6 7.O-O Be7 8.e4 dxe4
9.Nxe4 O-O 10.Re1 Bb7 11.Bf4 Nxe4 12.Bxe4 Nf6 13.Bc2 c5 14.Be5 Nd7 15.Qd3 g6
16.Qe3 Bxf3 17.Qxf3 Nxe5 18.dxe5 Qc7 19.g3 Rad8 20.h4 Rd2 21.Re2 Rxe2 22.Qxe2
Rd8 23.h5 Rd4 24.hxg6 hxg6 25.Bd3 Bf8 26.Rd1 Bg7 27.f4 Qd8 28.Kg2 Qd7 29.b3 Bf8
30.Qf3 a6 31.a4 Qd8 32.Kf2 Qc7 33.Ke2 Rd8 34.Qe3 a5 35.Qf3 Qd7 36.Bc2 Qc7 37.Bd3
Qd7 38.Bc2 Qc7 39.Rxd8 Qxd8 40.Qc6 Bh6 41.Qd6 Qxd6 42.exd6 Kf8 43.Be4 Ke8
44.Bc6+ Kd8 45.Kf3 Bf8 46.d7 Be7 47.Ke4 Kc7 48.Bb5 Bd6 49.g4 f5+ 50.Kf3 fxg4+
51.Kxg4 Be7 52.Kf3 Bd8 53.Ke4

[Event "1. Bundesliga 2010/2011"]
[Site "St. Veit/Glan"]
[Date "2011.03.03"]
[Round "8"]
[Board "6"]
[White "Loidl, Florian"]
[Black "Schiestl, Josef"]
[Result "1-0"]
[WhiteElo "2192"]
[BlackElo "2138"]
[PlyCount "76"]
[EventDate "2010.11.19"]
[EventType "team"]
[EventRounds "11"]
[EventCountry "AUT"]
[WhiteTeam "ASVOE VHS Poechlarn"]
[BlackTeam "Mayrhofen/Zillertal"]

1.Nf3 Nf6 2.d4 g6 3.c4 Bg7 4.Nc3 O-O 5.e4 d6 6.Be2 e5 7.O-O Nc6 8.d5 Ne7 9.Ne1
Nd7 10.f3 f5 11.g4 Kh8 12.Nd3 a5 13.Bg5 b6 14.Qd2 Nc5 15.Nxc5 bxc5 16.a4 Bf6
17.Bxf6+ Rxf6 18.g5 Rf7 19.f4 c6 20.Rad1 cxd5 21.cxd5 exf4 22.Qxf4 Ba6 23.Nb5
Bxb5 24.axb5 Qb8 25.Qe3 Qf8 26.e5 dxe5 27.d6 Ng8 28.Bc4 Rg7 29.Be6 Qd8 30.h4 Rb8
31.Qxc5 e4 32.Rd5 h6 33.Kg2 hxg5 34.h5 Nf6 35.hxg6 Rxg6 36.Rdxf5 Ng8 37.Qe5+ Nf6
38.Qc5 Kg7

[Event "1. Bundesliga 2010/2011"]
[Site "St. Veit/Glan"]
[Date "2011.03.04"]
[Round "9"]
[Board "1"]
[White "Farago, Ivan"]
[Black "Volokitin, Andrei"]
[Result "1/2-1/2"]
[WhiteElo "2448"]
[BlackElo "2677"]
[PlyCount "83"]
[EventDate "2010.11.19"]
[EventType "team"]
[EventRounds "11"]
[EventCountry "AUT"]
[WhiteTeam "ASVOE VHS Poechlarn"]
[BlackTeam "SK Sparkasse Jenbach"]

1.d4 Nf6 2.c4 g6 3.Nc3 d5 4.Bf4 Bg7 5.e3 c5 6.dxc5 Qa5 7.Nf3 Ne4 8.Be5 Nxc3
9.Qd2 Bxe5 10.Nxe5 f6 11.Nf3 Nc6 12.Qxc3 Qxc3+ 13.bxc3 dxc4 14.Bxc4 Bd7 15.Rb1
Na5 16.Bb5 O-O-O 17.Nd4 e5 18.Bxd7+ Kxd7 19.Nb5 Ke7 20.Nxa7 Ra8 21.Nb5 Rhc8
22.Ke2 Nc4 23.a3 Rxc5 24.Rb4 Ra5 25.a4 Nb6 26.Na3 Nxa4 27.Rxb7+ Ke6 28.Nb1 Rab5
29.Rxb5 Rxb5 30.Nd2 Nxc3+ 31.Kd3 Na4 32.Rc1 Nc5+ 33.Ke2 Kd5 34.Rc2 e4 35.Ra2 f5
36.f3 exf3+ 37.gxf3 Rb4 38.Nf1 Rb1 39.Rd2+ Ke5 40.Rc2 Nb3 41.Kf2 Rc1 42.Rxc1

[Event "1. Bundesliga 2010/2011"]
[Site "St. Veit/Glan"]
[Date "2011.03.04"]
[Round "9"]
[Board "2"]
[White "Gyimesi, Zoltan"]
[Black "Tuncer, Ufuk"]
[Result "1-0"]
[WhiteElo "2601"]
[BlackElo "2289"]
[PlyCount "67"]
[EventDate "2010.11.19"]
[EventType "team"]
[EventRounds "11"]
[EventCountry "AUT"]
[WhiteTeam "SK Sparkasse Jenbach"]
[BlackTeam "ASVOE VHS Poechlarn"]

1.d4 Nf6 2.c4 g6 3.Nc3 Bg7 4.e4 d6 5.h3 O-O 6.Bg5 c5 7.d5 e6 8.Bd3 exd5 9.cxd5
Re8 10.Nf3 c4 11.Bc2 b5 12.a3 Nbd7 13.O-O a6 14.Qd2 Qb6 15.Rfe1 Bb7 16.Rad1 Rab8
17.Nd4 Nc5 18.Bh6 Bh8 19.Nf5 Bc8 20.Nxd6 Qxd6 21.e5 Qb6 22.exf6 Bb7 23.d6 Qc6
24.f3 Bxf6 25.Qf4 Nd7 26.Kh1 Qc5 27.Be4 Qf2 28.Re2 Qb6 29.Rde1 Bxe4 30.Nxe4 Bd4
31.Ng5 Rf8 32.Bxf8 Rxf8 33.Re8 Nf6 34.d7

[Event "1. Bundesliga 2010/2011"]
[Site "St. Veit/Glan"]
[Date "2011.03.04"]
[Round "9"]
[Board "3"]
[White "Kostic, Vladimir"]
[Black "Schlosser, Philipp"]
[Result "0-1"]
[WhiteElo "2448"]
[BlackElo "2568"]
[PlyCount "61"]
[EventDate "2010.11.19"]
[EventType "team"]
[EventRounds "11"]
[EventCountry "AUT"]
[WhiteTeam "ASVOE VHS Poechlarn"]
[BlackTeam "SK Sparkasse Jenbach"]

1.b3 e5 2.Bb2 Nc6 3.e3 Nf6 4.Bb5 Bd6 5.Na3 Na5 6.Nf3 Qe7 7.Nc4 Nxc4 8.Bxc4 O-O
9.Nh4 g6 10.Qf3 c6 11.Qg3 Nh5 12.Qh3 Ng7 13.g4 Ba3 14.Bxa3 Qxa3 15.e4 Rd8 16.Qf3
Qe7 17.Ng2 d5 18.exd5 e4 19.Qg3 cxd5 20.Be2 d4 21.O-O b6 22.Rfe1 Bb7 23.Bc4 Qc5
24.Qf4 Ne6 25.Bxe6 fxe6 26.c3 e5 27.Qg3 Rac8 28.b4 Qd5 29.cxd4 exd4 30.Nf4 Qd6
31.Nh5

[Event "1. Bundesliga 2010/2011"]
[Site "St. Veit/Glan"]
[Date "2011.03.04"]
[Round "9"]
[Board "4"]
[White "Acs, Peter"]
[Black "Weinzettl, Ernst"]
[Result "1-0"]
[WhiteElo "2601"]
[BlackElo "2330"]
[PlyCount "125"]
[EventDate "2010.11.19"]
[EventType "team"]
[EventRounds "11"]
[EventCountry "AUT"]
[WhiteTeam "SK Sparkasse Jenbach"]
[BlackTeam "ASVOE VHS Poechlarn"]

1.e4 e6 2.d4 d5 3.Nc3 Nf6 4.Bg5 dxe4 5.Nxe4 Be7 6.Bxf6 gxf6 7.Nf3 a5 8.Qd2 a4
9.a3 b6 10.Qh6 Ra5 11.O-O-O Bb7 12.d5 Rxd5 13.Bb5+ c6 14.Bxa4 Nd7 15.Bb3 Bf8
16.Qh4 f5 17.Qxd8+ Kxd8 18.Bxd5 cxd5 19.Nc3 Rg8 20.g3 Bc5 21.Nd4 Ne5 22.f4 Ng4
23.b4 Be7 24.Rd2 Ne3 25.Rd3 Nc4 26.Nb1 Kd7 27.Re1 Ra8 28.Nf3 Ba6 29.Nbd2 Nd6
30.Rde3 Ke8 31.Nd4 Kd7 32.Rc3 Bf6 33.N2f3 Ne4 34.Rce3 Bc4 35.Ne5+ Ke8 36.Kb2 Nd6
37.Kc1 Ne4 38.Ndf3 Bb5 39.Nd2 Nd6 40.Kb2 Kf8 41.c3 Kg7 42.Ra1 Ba4 43.Rg1 Kf8
44.g4 fxg4 45.Rxg4 h5 46.Rg2 h4 47.Re1 Rc8 48.Reg1 Ke7 49.Rg8 Rc7 50.Ra8 Be8
51.Rg8 b5 52.Kb3 Bd7 53.Rab8 Nf5 54.Ndf3 Bxe5 55.fxe5 Rc4 56.Ng5 Rf4 57.Rb7 Ne3
58.Rg7 Nf1 59.Nxf7 Kf8 60.Ng5 Nd2+ 61.Kc2 Nc4 62.Rgxd7 Rf2+ 63.Kd1

[Event "1. Bundesliga 2010/2011"]
[Site "St. Veit/Glan"]
[Date "2011.03.04"]
[Round "9"]
[Board "5"]
[White "Posch, Roland"]
[Black "Boensch, Uwe"]
[Result "0-1"]
[WhiteElo "2106"]
[BlackElo "2520"]
[PlyCount "124"]
[EventDate "2010.11.19"]
[EventType "team"]
[EventRounds "11"]
[EventCountry "AUT"]
[WhiteTeam "ASVOE VHS Poechlarn"]
[BlackTeam "SK Sparkasse Jenbach"]

1.e4 c5 2.Nf3 d6 3.c3 Nf6 4.Be2 g6 5.O-O Bg7 6.d3 O-O 7.h3 Nc6 8.Be3 b6 9.Qd2
Bb7 10.Bh6 e5 11.Qg5 Nh5 12.Qxd8 Raxd8 13.Bxg7 Kxg7 14.g3 d5 15.Nbd2 Nf6 16.Rfe1
Rfe8 17.Bf1 h6 18.Rad1 d4 19.c4 g5 20.a3 Bc8 21.Kh2 Be6 22.Bg2 Rb8 23.Rb1 b5
24.b3 Nd7 25.Rec1 a5 26.Bf1 Rb6 27.Be2 Reb8 28.Bd1 f5 29.cxb5 Rxb5 30.b4 axb4
31.Ba4 R5b6 32.Bxc6 Rxc6 33.axb4 fxe4 34.Nxe4 c4 35.b5 Rcc8 36.Nd6 Rf8 37.Ne1 c3
38.Rc2 Bd5 39.g4 Rf6 40.Nf5+ Kf8 41.Re2 Rfb6 42.Kg3 Rxb5 43.Rc1 Rb2 44.Nc2 Bb3
45.Ncxd4 exd4 46.Nxd4 Rxe2 47.Nxe2 c2 48.Nd4 Ba4 49.Nxc2 Rc8 50.Ra1 Bxc2 51.Ra6
Rc3 52.Rxh6 Rxd3+ 53.Kh2 Ne5 54.Rf6+ Ke7 55.Ra6 Nf3+ 56.Kg2 Nh4+ 57.Kh2 Rf3
58.Rc6 Rxf2+ 59.Kg1 Rg2+ 60.Kh1 Rd2 61.Rc5 Be4+ 62.Kg1 Nf3+

[Event "1. Bundesliga 2010/2011"]
[Site "St. Veit/Glan"]
[Date "2011.03.04"]
[Round "9"]
[Board "6"]
[White "Lehner, Oliver"]
[Black "Gattermayer, Robert"]
[Result "1-0"]
[WhiteElo "2431"]
[BlackElo "2026"]
[PlyCount "85"]
[EventDate "2010.11.19"]
[EventType "team"]
[EventRounds "11"]
[EventCountry "AUT"]
[WhiteTeam "SK Sparkasse Jenbach"]
[BlackTeam "ASVOE VHS Poechlarn"]

1.d4 e6 2.c4 d5 3.Nf3 Nf6 4.Bg5 Be7 5.Nc3 Nbd7 6.e3 c6 7.Rc1 O-O 8.Bd3 dxc4
9.Bxc4 Nd5 10.Bxe7 Qxe7 11.O-O Nxc3 12.Rxc3 e5 13.Bb3 e4 14.Nd2 Nf6 15.Rc5 Bg4
16.Qc2 Nd7 17.Rc3 Be2 18.Re1 Bd3 19.Qd1 Kh8 20.Bc2 Bxc2 21.Qxc2 f5 22.Nc4 Rae8
23.Qb3 b6 24.Qa3 Qh4 25.Nd6 Ra8 26.Rxc6 f4 27.exf4 Qxf4 28.Qe3 Qf6 29.Rec1 Qe6
30.b3 Nf6 31.Nxe4 Qf5 32.Nxf6 gxf6 33.Re6 Rg8 34.g3 Raf8 35.Rc7 Rg5 36.Qe4 Qh3
37.Re8 Rgg8 38.Rxf8 Rxf8 39.Qe7 Qh6 40.d5 Rg8 41.d6 Qg6 42.d7 Qb1+ 43.Kg2

[Event "1. Bundesliga 2010/2011"]
[Site "St. Veit/Glan"]
[Date "2011.03.04"]
[Round "9"]
[Board "1"]
[White "Prusikin, Michael"]
[Black "Lanka, Zigurds"]
[Result "1-0"]
[WhiteElo "2541"]
[BlackElo "2477"]
[PlyCount "91"]
[EventDate "2010.11.19"]
[EventType "team"]
[EventRounds "11"]
[EventCountry "AUT"]
[WhiteTeam "Wuestenrot SIR Salzburg"]
[BlackTeam "Mayrhofen/Zillertal"]

1.d4 Nf6 2.Nf3 g6 3.c4 Bg7 4.Nc3 d6 5.e4 O-O 6.Be2 e5 7.Be3 Ng4 8.Bg5 f6 9.Bh4
Nc6 10.d5 Ne7 11.Nd2 Nh6 12.f3 c5 13.dxc6 bxc6 14.b4 Kh8 15.Bf2 Be6 16.Nb3 f5
17.O-O g5 18.Qd2 Ng6 19.Rfd1 Nf4 20.Qxd6 Qe8 21.Qd2 g4 22.Nc5 gxf3 23.Bxf3 Bxc4
24.Kh1 fxe4 25.N3xe4 Bd5 26.Rac1 Qg6 27.a4 Ng4 28.Bg1 Nh3 29.Qe2 Nxg1 30.Rxg1
Rf4 31.h3 Raf8 32.Bxg4 Bxe4 33.Ne6 Bd3 34.Nxf8 Rxf8 35.Qe1 Rf4 36.Be2 Be4 37.Rc4
Qe6 38.Qg3 Qf6 39.Bf3 Rxf3 40.gxf3 Bxf3+ 41.Kh2 Qf7 42.Qxg7+ Qxg7 43.Rxg7 Kxg7
44.Rc5 Kf6 45.Kg3 Bd5 46.b5

[Event "1. Bundesliga 2010/2011"]
[Site "St. Veit/Glan"]
[Date "2011.03.04"]
[Round "9"]
[Board "2"]
[White "Maiwald, Jens-Uwe"]
[Black "Bromberger, Stefan"]
[Result "1/2-1/2"]
[WhiteElo "2468"]
[BlackElo "2519"]
[PlyCount "62"]
[EventDate "2010.11.19"]
[EventType "team"]
[EventRounds "11"]
[EventCountry "AUT"]
[WhiteTeam "Mayrhofen/Zillertal"]
[BlackTeam "Wuestenrot SIR Salzburg"]

1.d4 d5 2.c4 c6 3.cxd5 cxd5 4.Nc3 Nc6 5.Bf4 Nf6 6.e3 a6 7.Bd3 Bg4 8.Nge2 e6
9.O-O Be7 10.f3 Bh5 11.Rc1 O-O 12.Na4 Nd7 13.Bg3 Bg6 14.Nf4 Bxd3 15.Nxd3 Qa5
16.a3 Rfc8 17.b4 Qd8 18.Ndc5 Bxc5 19.bxc5 Na5 20.Rb1 Nc4 21.Re1 Ra7 22.Qd3 Qa5
23.Rb4 b5 24.cxb6 Ncxb6 25.Nxb6 Nxb6 26.Reb1 Nc4 27.a4 h6 28.h3 f5 29.Kh2 Rf7
30.Kh1 Kh7 31.Kh2 Qd8

[Event "1. Bundesliga 2010/2011"]
[Site "St. Veit/Glan"]
[Date "2011.03.04"]
[Round "9"]
[Board "3"]
[White "Drabke, Lorenz"]
[Black "Gross, David"]
[Result "1-0"]
[WhiteElo "2454"]
[BlackElo "2453"]
[PlyCount "53"]
[EventDate "2010.11.19"]
[EventType "team"]
[EventRounds "11"]
[EventCountry "AUT"]
[WhiteTeam "Wuestenrot SIR Salzburg"]
[BlackTeam "Mayrhofen/Zillertal"]

1.e4 e5 2.Bc4 Nf6 3.d3 Bc5 4.Nf3 Nc6 5.c3 a6 6.Bb3 Ba7 7.h3 d6 8.O-O h6 9.Be3
Qe7 10.Nbd2 g5 11.Ba4 g4 12.hxg4 Bxe3 13.fxe3 Nxg4 14.Bxc6+ bxc6 15.Qe2 Rg8
16.d4 a5 17.Nh2 Qg5 18.Nxg4 Bxg4 19.Nf3 Qg6 20.Qc2 O-O-O 21.dxe5 Qh5 22.Nd4 Bh3
23.Rf2 Rg3 24.Nxc6 Re8 25.exd6 cxd6 26.Qb3 Kc7 27.Rxf7+

[Event "1. Bundesliga 2010/2011"]
[Site "St. Veit/Glan"]
[Date "2011.03.04"]
[Round "9"]
[Board "4"]
[White "Hausner, Ivan"]
[Black "Geske, Julian"]
[Result "1/2-1/2"]
[WhiteElo "2430"]
[BlackElo "2329"]
[PlyCount "61"]
[EventDate "2010.11.19"]
[EventType "team"]
[EventRounds "11"]
[EventCountry "AUT"]
[WhiteTeam "Mayrhofen/Zillertal"]
[BlackTeam "Wuestenrot SIR Salzburg"]

1.c4 e5 2.Nc3 Nf6 3.Nf3 Nc6 4.d4 exd4 5.Nxd4 Bb4 6.g3 Bxc3+ 7.bxc3 Ne5 8.f4 Nxc4
9.e4 d5 10.e5 Ne4 11.Bxc4 dxc4 12.Qa4+ Bd7 13.Qxc4 c5 14.e6 fxe6 15.Nxe6 Qe7
16.Qxe4 Qxe6 17.Qxe6+ Bxe6 18.Be3 b6 19.a4 O-O 20.a5 Rfe8 21.Kf2 Rad8 22.Rhd1
Bg4 23.Rxd8 Rxd8 24.axb6 axb6 25.Ra6 Rd3 26.Rxb6 Rxc3 27.Rb2 h5 28.Rd2 Kh7
29.Rd5 Rc2+ 30.Rd2 Rxd2+ 31.Bxd2